000 00297nam a22001217a 4500
008 180927b xxu||||| |||| 00| 0 eng d
041 _aeng
080 _a510
100 _a37
101 _aMAT
245 _aInnumeracy/ Mathematical Illiteracy and its Consequences
_cPaulos, J.A
942 _2udc
_cBK
999 _c48617
_d48617